Single constant strain energy function for rubberlike materials (Record no. 68741)

MARC details
000 -LEADER
fixed length control field 00344nam a2200109Ia 4500
100 ## - MAIN ENTRY--AUTHOR NAME
Personal name Shariff M H B
245 #0 - TITLE STATEMENT
Title Single constant strain energy function for rubberlike materials
260 ## - PUBLICATION, DISTRIBUTION, ETC. (IMPRINT)
Name of publisher Plastics, Rubber and Composites: Processing and Applications
Year of publication 1997
300 ## - PHYSICAL DESCRIPTION
Number of Pages 285-290
942 ## - ADDED ENTRY ELEMENTS (KOHA)
Koha item type Journals
Holdings
Withdrawn status Lost status Damaged status Not for loan Home library Current library Shelving location Date acquired Serial Enumeration / chronology Koha item type
      Journals RRII Library RRII Library Rubber chemistry 17/12/2021 Volume 26, Issue 7 Journals